|
|
|
|
| LEADER |
00000nam a22000007a 4500 |
| 005 |
2022082307307.0 |
| 007 |
cr|||| ||| |
| 008 |
220823s2021 pe |||||s|||| 00||0 spa d |
| 020 |
|
|
|a 9786123251772
|
| 035 |
|
|
|a 36931
|
| 040 |
|
|
|a vLex
|
| 090 |
|
|
|c 13785
|d 13785
|
| 100 |
1 |
|
|a Lp̤ez Raygada, Pierino Stucchi
|
| 245 |
1 |
0 |
|a Manual de Derecho del consumo aplicado a los servicios bancarios
|h [Recurso electrn̤ico] /
|c Pierino Stucchi Lp̤ez Raygada, Jos ̌Antonio Bezada Alencastre, Oscar Miguel Garca̕ Tipismana
|
| 256 |
|
|
|a Servicio en ln̕ea
|
| 260 |
|
|
|a Lima:
|b Palestra Editores,
|c 2021
|
| 300 |
|
|
|a 1 recurso electrn̤ico
|
| 500 |
|
|
|a Este manual analiza los fundamentos de la actividad bancaria y su importancia para los ciudadanos y las empresas, as ̕como el alcance de los derechos de los consumidores en el m̀bito bancario. Adems̀, presenta la evolucin̤ de los servicios Fintech en el Per ︢y su importancia en la masificacin̤ del acceso a los servicios financieros. El manual desarrolla tambiň los mecanismos para prevenir y solucionar controversias en las relaciones de consumo en el m̀bito bancario, tanto desde el sector pb︢lico como desde el sector privado; y, explica los beneficios que generan de los programas de cumplimiento normativo (compliance), tan necesarios actualmente para afrontar con responsabilidad las relaciones de consumo a gran escala. Los autores son profesionales en ejercicio, investigadores y docentes en esta materia, quienes ofrecen esta obra convencidos de que el fortalecimiento de la proteccin̤ de los consumidores en el m̀bito bancario debe desarrollarse de modo simultǹeo con la educacin̤ financiera de los ciudadanos y el empoderamiento efectivo del consumidor, quien debe ser responsable de sus decisiones informadas.
|
| 506 |
1 |
|
|a Disponible solo en los productos indicados
|d vLex Global
|d vLex Global (Academic Edition, excluding Law Schools)
|d vLex Global (U.S. Academic Edition, Law Schools)
|d vLex Global (U.S. Academic Edition, excluding Law Schools)
|d vLex Global (Academic Edition, Law Schools)
|
| 650 |
0 |
4 |
|a Consumidores Usuarios
|z Per︢
|
| 700 |
1 |
|
|a Bezada Alencastre, Jos ̌Antonio
|
| 700 |
1 |
|
|a Garca̕ Tipismana, Oscar Miguel
|
| 740 |
0 |
|
|a vLex Libros (Servicio en ln̕ea)
|
| 856 |
4 |
0 |
|u https://app.vlex.com/#/sources/36931
|z Acceso restringido
|
| 942 |
|
|
|c BOOK
|
| 999 |
0 |
|
|a Consumers Users
|